Determinants of Persistent and Transient Technical Efficiency of Milk Production in EU

Odhad technickej efektívnosti mlieka v EÚ prostredníctvom rozkladu a analýzy determinantov prechodnej a pretrvávajúcej účinnosti.

Na minha lista:
Detalhes bibliográficos
Autor principal: Trnková, Gabriela
Outros Autores: Žáková Kroupová, Zdeňka
Formato: Capítulo de Livro
Idioma:inglês
Assuntos:
Tags: Adicionar Tag
Sem tags, seja o primeiro a adicionar uma tag!

MARC

LEADER 00000naa a2200000 4500
001 0272244
005 20210302092337.8
041 0 |a eng 
044 |a CZ 
245 1 0 |a Determinants of Persistent and Transient Technical Efficiency of Milk Production in EU  |c Gabriela Trnková, Zdeňka Žáková Kroupová 
520 |a Odhad technickej efektívnosti mlieka v EÚ prostredníctvom rozkladu a analýzy determinantov prechodnej a pretrvávajúcej účinnosti. 
610 2 0 |a priemysel mliekarský 
610 2 0 |a efektívnosť techniky 
610 2 0 |a mlieko 
610 2 0 |a analýza dát 
100 1 |a Trnková, Gabriela 
700 1 |a Žáková Kroupová, Zdeňka